00301nam a2200109Ia 4500008004100000041000800041082001800049100001400067245004500081260003900126300002600165240624s9999 xx 000 0 und d aeng a658.4012 PAT  aPATEL V G aWHEN THE GOING GETS TOUGH STRATEGIC RESP c2007aNew DelhibTata McGraw- Hill axviii, 156 p.; 23 cm.